=LDR 00000nam 2200000 4500 =001 INLIS000000000024431 =005 20130612123022 =008 ***********************************Ind** =035 ##$$0010-061300000024431 =041 ##$$a Ind =082 ##$$a 633.88 =090 ##$$a 633.88, Kar b =100 ##$$a Kardiman, Agus =245 ##$$a Budidaya tanaman obat secara organik, Ir. Agus Kardiman, M.Sc =260 ##$$a 2003 $b Jakarta =300 ##$$a 92 hlm, ilus, 21 cm =650 ##$$a Tanaman Obat =850 ##$$a NBPNMAT